[Event "Sheikh Russel GM 2021"]
[Site "Dhaka"]
[Date "2021.10.20"]
[Round "2.8"]
[White "Shyam, Sundar M."]
[Black "Karpatchev, Aleksandr"]
[Result "1-0"]
[WhiteElo "2518"]
[BlackElo "2427"]
[Annotator "TA"]
[PlyCount "105"]
[EventDate "2021.10.19"]
[EventType "swiss"]
[EventCountry "BAN"]
[SourceTitle "playchess.com"]
[Source "ChessBase"]
[SourceQuality "1"]

{[%evp 9,105,27,23,6,18,11,13,20,20,14,0,0,10,0,5,0,0,0,0,-6,25,23,20,12,22,22,29,29,24,-16,0,-60,-45,-83,-74,-82,0,-13,-2,-8,33,14,26,26,54,14,57,0,65,59,71,66,93,21,72,0,0,-22,21,0,0,-45,-23,-29,-28,-43,0,-73,25,35,47,0,54,64,77,64,670,678,674,23,97,107,85,87,89,83,83,102,655,661,584,103,125,131,237,219,214,138]} 1. e4 {Giri,A} e5 2. Nf3 Nc6 3. d4 exd4 4. Nxd4 Qf6 5. Nf3 Bb4+ 6. c3 {C45: Scotch Game.} Bc5 7. Be2 d6 8. O-O {[#] The position is equal.} a6 $146 ({Predecessor:} 8... Nge7 9. b4 Bb6 10. Bg5 Qg6 11. Bh4 Qh6 12. Nbd2 Ng6 13. Bg3 O-O 14. a4 a5 {½-½ (41) Giri,A (2773)-Andreikin,D (2736) Wijk aan Zee 2017 CBM 177 [Giri,A]}) 9. b4 Ba7 10. a4 Nge7 11. Kh1 h6 12. b5 Nd8 13. Nd4 O-O 14. f4 Bxd4 15. cxd4 axb5 16. Bxb5 Ndc6 (16... c6 $5 {[%cal Rc6b5]} 17. Be2 c5 $11) 17. Bb2 d5 $1 18. e5 Qg6 19. Nc3 Rd8 20. Bd3 (20. Ba3 $11) 20... Bf5 $15 21. Be2 {[#]} Bc2 $1 {[%cal Rc2d1]} 22. Qd2 {[#]} h5 (22... Nf5 $1 $17 23. Nb5 (23. Qxc2 $2 Ng3+ {[%mdl 64] Discovered Attack} 24. hxg3 Qxc2 $19) (23. Nd1 Be4) 23... Na5) 23. Rac1 $11 Bf5 24. Ba3 h4 25. Qd1 Rd7 26. Rf2 Qh7 27. Bb5 Rdd8 28. Bf1 ({Better is} 28. Kg1 $14) 28... Ng6 (28... Qg6 $11) 29. Nb5 Rd7 30. Rc3 Nf8 31. Bxf8 ({White should try} 31. Kg1 $16) 31... Kxf8 (31... Rxf8 $11 32. Kg1 Qg6) 32. g4 (32. Be2 $16) 32... hxg3 $1 33. Rxg3 Ne7 34. Nc3 c6 35. Rg5 {Black should prevent Rh5.} g6 36. Kg1 Qh4 37. Qb3 Kg7 38. Ne2 (38. Qb4 $11) 38... Rh8 (38... b5 $17 39. axb5 cxb5) 39. Ng3 Be6 40. Bd3 Kf8 ({Black should play} 40... b5 $11) 41. Qb4 $14 Ke8 42. a5 Nf5 $2 {[%mdl 8192]} (42... Bg4 $14) 43. Bxf5 $18 Bxf5 44. Qc5 $2 (44. Nxf5 $18 gxf5 45. a6 bxa6 46. Rfg2) 44... Bd3 (44... Bh3 $11 {keeps the balance.}) 45. Qa3 Ba6 46. Qe3 Kd8 47. f5 $36 {[%mdl 2048] Black is under strong pressure.} gxf5 48. Nxf5 Qh7 {[%mdl 8192]} (48... Qe4 $16) 49. Rg7 Qh5 50. Qg5+ $2 (50. h4 $18 {has better winning chances. Black must now prevent Qg3.} Qd1+ 51. Kh2) 50... Qxg5+ $16 51. Rxg5 Rf8 (51... c5 $16) 52. Nd6 $18 Re7 53. Rg7 {Weighted Error Value: White=0.46/Black=0.42} 1-0

[Event "Sheikh Russel GM 2021"]
[Site "Dhaka"]
[Date "2021.10.20"]
[Round "2.9"]
[White "Visakh N R"]
[Black "Neelash Saha"]
[Result "1/2-1/2"]
[WhiteElo "2515"]
[BlackElo "2421"]
[Annotator "TA"]
[PlyCount "138"]
[EventDate "2021.10.19"]
[EventType "swiss"]
[EventCountry "BAN"]
[SourceTitle "playchess.com"]
[Source "ChessBase"]
[SourceQuality "1"]

{[%evp 26,138,16,0,0,0,0,0,20,22,34,31,44,44,76,70,63,44,53,53,54,46,66,64,72,57,74,71,79,47,67,69,81,61,72,53,68,62,81,75,69,65,91,69,88,69,69,69,69,69,69,69,69,69,69,0,69,69,69,69,69,69,69,69,69,69,69,0,69,69,69,69,69,69,69,69,69,69,69,37,69,50,62,15,8,8,67,0,0,0,60,13,26,22,19,4,0,0,0,0,0,0,0,0,0,0,0,0,0,0,0,0,0,0,0]} 1. d4 Nf6 2. c4 e6 3. Nf3 d5 4. Nc3 Be7 5. Bg5 h6 6. Bh4 O-O 7. e3 Ne4 8. Bxe7 Qxe7 9. cxd5 Nxc3 10. bxc3 exd5 11. Qb3 Rd8 12. c4 dxc4 13. Bxc4 Nc6 14. Qc3 (14. Be2 {with more complications.} b6 15. O-O Na5 16. Qb2 Bb7 17. Rac1) 14... Bg4 {With the idea ...Bxf3. D57: Queen's Gambit Declined: Lasker Defence: Main line (9 cxd5).} 15. O-O Bxf3 16. gxf3 Rd6 17. Kh1 Qf6 18. f4 {[#]} Qf5 $146 ({Predecessor:} 18... Ne7 19. Be2 Rc8 20. Bg4 Rc6 21. Qb3 Rb6 22. Qc2 Rc6 23. Qb3 Rb8 24. Bf3 Rd6 {1-0 (43) Gavilan Diaz,M (2266)-Pilgaard,K (2442) Barcelona 2011}) 19. Qd3 Qh3 20. Qe4 Kf8 21. Rab1 (21. Be2 {keeps more tension.} Re8 22. Qc2 g6 23. Rg1 Re7 24. Rac1) 21... Re8 22. Qg2 Qxg2+ 23. Kxg2 Nd8 24. Rfc1 Re7 25. Kf3 c6 26. h4 Red7 27. Bb3 Ne6 28. Rc2 Ke7 29. Rcb2 Nd8 30. Rc1 Ne6 31. Rg1 Kf8 32. a4 Nd8 33. Rc1 Ne6 34. Rbc2 Ke7 35. a5 Nc7 36. Bc4 a6 37. Ba2 Nb5 38. Rc5 Nc7 39. Bc4 Nb5 40. Ba2 Nc7 $1 41. Rb1 Nb5 42. Rb2 Kf8 43. Bb3 Ke8 44. Bc4 Na3 45. Bd3 Nb5 46. Bc4 Na3 $1 47. Ba2 Nb5 48. Rb4 Kf8 49. Bc4 Na3 50. Bd3 Nb5 51. Bf5 Rd8 52. Rb1 Ke7 53. Rbc1 (53. Be4 {is more complex.} R6d7 54. Rg1 Kf8 55. Rgc1 Nd6 56. Bd3) 53... Rd5 54. Rxd5 Rxd5 $14 {[%mdl 4096] Endgame KRB-KRN} 55. Be4 Rd8 (55... Rh5 $1 $11) 56. Bb1 Rd5 $1 57. Be4 Rd8 58. Bd3 Rd5 59. Bc4 Rh5 {The position is equal.} 60. Kg4 g6 61. d5 Nd6 $1 62. dxc6 bxc6 {[#] White must now prevent ...Rc5.} 63. Be2 Rxa5 64. Rxc6 Ra2 65. Kf3 ({Of course not} 65. Bxa6 Kd7 $17) 65... a5 66. Ra6 h5 67. Bd3 Rd2 68. Bb1 Rb2 69. Bd3 Rd2 {Weighted Error Value: White=0.11/Black=0.08} 1/2-1/2

[Event "Sheikh Russel GM 2021"]
[Site "Dhaka"]
[Date "2021.10.20"]
[Round "2.10"]
[White "Laxman, R.R."]
[Black "Mousavi, Seyed Khalil"]
[Result "1/2-1/2"]
[WhiteElo "2411"]
[BlackElo "2510"]
[Annotator "TA"]
[PlyCount "75"]
[EventDate "2021.10.19"]
[EventType "swiss"]
[EventCountry "BAN"]
[SourceTitle "playchess.com"]
[Source "ChessBase"]
[SourceQuality "1"]

{[%evp 21,75,-8,0,-13,0,-15,28,10,24,0,0,0,0,0,0,0,0,0,0,0,0,0,0,-5,-5,-2,12,6,3,5,5,8,26,17,25,0,0,0,0,0,0,0,0,0,0,0,0,0,0,0,0,0,0,0,0,0]} 1. d4 Nf6 2. c4 e6 3. Nf3 c5 4. e3 d5 5. a3 Nc6 6. b3 cxd4 7. exd4 b6 8. Bb2 Bb7 9. Bd3 Bd6 10. O-O O-O 11. Nbd2 Rc8 12. Re1 {D05: Colle System with ...e6.} Bf4 {[#]} 13. c5 $146 ({Predecessor:} 13. Qc2 dxc4 14. bxc4 Na5 15. g3 Bxd2 16. Nxd2 Nxc4 17. Bxc4 b5 18. Qb3 Rxc4 19. Nxc4 Qd5 {0-1 (42) Domenche Redondo,F (1715)-Potrata,J (2296) ICCF email 2015}) 13... bxc5 (13... a5 {keeps more tension.} 14. Qc2 Qc7 15. g3 Bh6 16. Rac1 g6) 14. dxc5 {White has an edge.} e5 {Black wants to play ...e4.} 15. Nxe5 Nxe5 16. Bxe5 Bxe5 17. Rxe5 {Hoping for b4.} Rxc5 18. b4 Rc3 19. Nb3 Ne4 20. Bxe4 dxe4 21. Nc5 Bc6 22. Qxd8 Rxd8 23. h3 e3 24. Rxe3 Rxe3 25. fxe3 $11 {[%mdl 4096] Endgame KRB-KRN} Rd2 26. e4 f5 27. Rc1 Ra2 28. Rc3 fxe4 {The position is equal.} 29. Ne6 Bd7 30. Ng5 Bf5 $1 31. Rc5 g6 32. g4 Rxa3 33. Kh2 h6 34. gxf5 {[#] Rc8+ is the strong threat.} hxg5 35. fxg6 g4 36. hxg4 Kg7 37. Re5 e3 38. Re6 {Not much happened in this game.  Weighted Error Value: White=0.03/Black=0.04} 1/2-1/2

[Event "Sheikh Russel GM 2021"]
[Site "Dhaka"]
[Date "2021.10.20"]
[Round "2.11"]
[White "Pranav Vijay"]
[Black "Sammed Jaykumar, Shete"]
[Result "0-1"]
[WhiteElo "2265"]
[BlackElo "2413"]
[Annotator "TA"]
[PlyCount "112"]
[EventDate "2021.10.19"]
[EventType "swiss"]
[EventCountry "BAN"]
[SourceTitle "playchess.com"]
[Source "ChessBase"]
[SourceQuality "1"]

{[%evp 19,111,0,10,24,24,10,12,22,14,0,0,3,9,32,20,25,18,12,44,29,26,-52,-35,-46,-22,-22,-15,-24,0,0,0,-26,-31,-91,-92,-84,-72,-112,-109,-106,-101,-117,-110,-172,-100,-129,-85,-172,-175,-238,-222,-221,-211,-249,-238,-235,-234,-266,-266,-343,-339,-384,-386,-560,-585,-555,-555,-612,-660,-710,-677,-853,-853,-1164,-1121,-1076,-1009,-1997,-1749,-2638,-2450,-3562,-3161,-29983,-29984,-29991,-29988,-29995,-29996,-29997,-29997,-29998,-29999,-29999]} 1. e4 c5 2. Nf3 d6 3. d4 cxd4 4. Nxd4 Nf6 5. Nc3 a6 6. Be3 e5 7. Nb3 Be6 8. Qd2 Nbd7 9. f3 h5 10. O-O-O Rc8 11. Kb1 {B90: Sicilian Najdorf: Unusual White 6th moves, 6 Be3 Ng4 and 6 Be3 e5.} b5 12. Nd5 Bxd5 13. exd5 {The position is equal.} Nb6 14. Bxb6 (14. g3 {is interesting.} Nbxd5 15. Bg5 Be7 16. Bg2 O-O 17. f4) 14... Qxb6 15. g3 Be7 16. Bh3 Rc4 {is the legacy move (16...Rc7).} 17. Rhe1 O-O 18. Bf1 {[#]} Rfc8 $146 ({Predecessor:} 18... Rc7 19. f4 Nd7 20. Bh3 Bf6 21. Bxd7 Rxd7 22. Na5 exf4 23. gxf4 Re7 24. Rxe7 Bxe7 {½-½ (32) Sevian,S (2579)-Li,R (2561) Forth Worth 2017}) 19. c3 R4c7 20. Bd3 (20. f4 $11) 20... a5 $15 ({Weaker is} 20... Nxd5 21. Bf5 $16) 21. Bf5 Rb8 22. f4 a4 23. Nc1 exf4 24. a3 $1 fxg3 25. hxg3 g6 26. Bc2 (26. Bxg6 $15 fxg6 27. Qh6) 26... Ng4 27. Nd3 Bf6 $36 {[%mdl 2048] White is under strong pressure.} 28. Re4 Re7 29. Rxe7 Bxe7 30. Re1 Bf8 31. Bd1 (31. Nb4 $17) 31... Nf6 (31... Bh6 $19 32. Qe2 Ne3) 32. Rf1 Nxd5 33. Nf4 (33. Bxh5 $17 {keeps fighting.} Ne3 34. Re1) 33... Ne3 $19 34. Rf3 (34. Re1 $142 Nc4 35. Qg2) 34... Nc4 35. Qd5 {intending Nxh5!} Qb7 {And now ...Qxd5 would win.} 36. Rf2 Qxd5 37. Nxd5 f5 38. Ka2 Bg7 39. b3 axb3+ 40. Bxb3 Kh7 41. Bxc4 (41. Rg2 {is a better defense.}) 41... bxc4 {[%mdl 4096] Endgame KRB-KRN} 42. a4 Be5 43. Rf3 Rb3 44. Re3 Kh6 45. Re2 Bxg3 46. Re6 h4 47. Ne3 Kh5 48. Nxc4 Rxc3 49. Ne3 h3 50. Nd5 {[#]} h2 $1 {[%mdl 512]} 51. Re8 (51. Nxc3 h1=Q) 51... Be5 {Black mates.} 52. a5 h1=Q 53. Nf4+ Kg4 54. Nxg6 Rc2+ 55. Kb3 Qb1+ 56. Ka4 Ra2# {Weighted Error Value: White=0.56/Black=0.08} 0-1

[Event "Sheikh Russel GM 2021"]
[Site "Dhaka"]
[Date "2021.10.20"]
[Round "2.12"]
[White "Abdisalimov, Abdimalik"]
[Black "Mosadeghpour, Masoud"]
[Result "0-1"]
[WhiteElo "2406"]
[BlackElo "2486"]
[Annotator "TA"]
[PlyCount "68"]
[EventDate "2021.10.19"]
[EventType "swiss"]
[EventCountry "BAN"]
[SourceTitle "playchess.com"]
[Source "ChessBase"]
[SourceQuality "1"]

{[%evp 17,68,33,27,11,7,0,10,0,0,0,0,0,0,0,0,-10,0,0,-5,-8,0,-330,-320,-307,-310,-308,-293,-346,-350,-333,-360,-345,-400,-395,-395,-387,-392,-469,-469,-467,-456,-930,-933,-917,-910,-936,-906,-899,-897,-846,-820,-883,-883]} 1. d4 Nf6 2. c4 e6 3. g3 d5 4. Bg2 Bb4+ 5. Bd2 Be7 6. Nf3 O-O 7. O-O Nbd7 8. Qc2 Ne4 9. Rd1 c6 10. Be1 {10.Nc3 is the fancy move. E11: Bogo-Indian.} a5 11. Nfd2 f5 12. Nxe4 {The position is equal.} fxe4 {[#]} 13. f3 $146 ({Predecessor:} 13. Nc3 Bf6 14. f3 exf3 15. Bxf3 Nb6 16. c5 Nc4 17. Bf2 Bg5 18. Na4 e5 19. dxe5 Nxe5 {0-1 (71) Socko,M (2490)-Jussupow,E (2162) Germany 2012}) 13... Nb6 14. c5 exf3 15. exf3 Nd7 16. Qe2 e5 $1 {[%cal Re5d4]} 17. dxe5 Bxc5+ 18. Kh1 Ba7 19. Nd2 $2 {[%mdl 8192] White is now going downhill.} (19. f4 $11 {and White is okay.}) 19... Qb6 $19 {[%csl Ga7][%cal Rb6g1] [#]} 20. Qf1 Nxe5 21. Nb3 Nc4 22. Rd4 a4 {[%cal Ba5a4,Ba4b3,Bb3a2][%mdl 32]} ({Weaker is} 22... Nxb2 23. Bxa5 Qa6 24. Qxa6 $19) 23. Rxc4 dxc4 24. Qxc4+ Kh8 {[%csl Ga7][%cal Rb6g1] [#]} 25. Ba5 Qb5 26. Qxb5 cxb5 27. Bb4 axb3 {Black is clearly winning.} 28. Bxf8 Bd4 $1 {[%csl LRa2,LRb2]} 29. Bb4 (29. Ba3 $142 Rxa3 30. bxa3 Bxa1 31. axb3) 29... bxa2 30. Bc3 Bxc3 31. bxc3 Be6 32. Bf1 Ra3 33. Bxb5 Rxc3 34. g4 Rb3 {Weighted Error Value: White=0.56/Black=0.03} 0-1

[Event "Sheikh Russel GM 2021"]
[Site "Dhaka"]
[Date "2021.10.20"]
[Round "2.13"]
[White "Mitrabha, Guha"]
[Black "Murshed, Niaz"]
[Result "1/2-1/2"]
[WhiteElo "2479"]
[BlackElo "2410"]
[Annotator "TA"]
[PlyCount "152"]
[EventDate "2021.10.19"]
[EventType "swiss"]
[EventCountry "BAN"]
[SourceTitle "playchess.com"]
[Source "ChessBase"]
[SourceQuality "1"]

{[%evp 17,152,29,32,15,36,0,35,40,71,48,64,43,64,72,67,80,107,93,93,93,92,93,103,96,102,100,108,78,79,78,101,100,93,93,91,94,108,57,59,71,68,66,122,6,8,13,29,19,18,11,14,-92,0,0,0,0,0,0,0,0,0,0,0,0,0,0,0,0,0,0,0,0,0,0,0,0,10,0,0,0,98,92,89,95,138,35,32,0,19,0,0,0,0,0,0,0,0,0,0,0,0,0,0,0,0,0,0,0,0,0,0,0,0,0,0,0,0,0,0,0,0,0,0,0,0,0,0,0,0,0,0,0,0,0,0,0,32]} 1. Nf3 Nf6 2. g3 b6 3. Bg2 Bb7 4. c4 c5 5. O-O g6 6. d4 cxd4 7. Qxd4 Bg7 8. Nc3 Nc6 9. Qh4 h6 {Hoping for ...g5.} 10. Qf4 {A30: Symmetrical English: Double Fianchetto and Hedgehog.} d6 11. Rd1 Rc8 12. b3 {[#] White is slightly better.} Nd7 $146 ({Predecessor:} 12... O-O 13. Bb2 Nb4 14. Rab1 Na6 15. Nb5 g5 16. Qe3 Nc7 17. Nxa7 Ra8 18. Qxb6 Be4 {½-½ (54) Matamoros Franco,C (2495)-Ginsburg,M (2340) Marianske Lazne 2016}) 13. Bb2 Nce5 14. Rd2 Nxf3+ 15. Bxf3 Bxf3 16. exf3 Nf6 17. Nb5 {[%cal Rb5d6]} Nh5 18. Qe3 Bxb2 19. Rxb2 a6 20. Nc3 Nf6 21. Re1 Kf8 22. a4 Kg7 23. Qd4 (23. Qxe7 $2 Re8 $19) 23... Kh7 24. Nd5 Nxd5 25. Qxd5 {[%cal Rd5f7]} e6 26. Qb7 {[%cal Rb7f7]} Qf6 27. Rbe2 (27. Rd2 $16) 27... Rb8 $1 $14 {[%cal Rb8b7]} 28. Qxa6 Qxf3 29. Re4 Rhd8 (29... Kg7 $14) 30. R1e3 ({White should try} 30. Qa7 $1 $16) 30... Qd1+ $11 31. Kg2 {And now Qa7! would win.} Rd7 32. Qb5 Rbb7 33. Rf4 d5 34. Ref3 (34. cxd5 $11 Rxd5 35. Qc6) 34... d4 ({Better is} 34... g5 $1 $17 {[%cal Rg5f4]} 35. Rf6 Kg7) 35. Rh4 f5 $1 {Threatens to win with ...g5.} 36. Qe5 {Strongly threatening Rff4.} d3 (36... g5 $2 37. Rxh6+ Kxh6 38. Qxe6+ Kg7 39. Qe5+ Kh7 40. Qxf5+ Kh6 41. Qe6+ Kg7 42. Qe5+ Kh7 43. Rf8 $18) 37. g4 {White wants to mate with Rxh6+!} Qxf3+ 38. Kxf3 d2 39. Rxh6+ $1 Kxh6 {[%mdl 4096] Endgame KQ-KRR} 40. Qh8+ Rh7 41. Qf8+ (41. Qd4 $2 Rbd7 $19) 41... Rhg7 $1 42. Qd8 {[%cal Rd8h4]} Rgd7 43. Qh8+ Rh7 44. Qf8+ ({Wrong is} 44. Qd4 $2 Rbd7 $19) 44... Rhg7 $1 45. Ke2 Rbd7 46. Kd1 Kg5 47. Qb8 Rh7 48. a5 (48. Qxb6 Rxh2 49. Qe3+ Kf6 $19) 48... bxa5 {[#]} (48... Rh3 $11 {remains equal.} 49. Qe8 {[%mdl 64] Double Attack} (49. Qxb6 Rc3 50. Qe3+ Rxe3 51. fxe3 f4 52. h4+ Kxg4 53. exf4 Kxf4 54. a6 Ke3 55. a7 Rxa7 56. Kc2 Ke2 57. Kc3 d1=Q 58. c5 Ra3 59. c6 Rxb3+ 60. Kc4 Qd5#) 49... Rdd3 50. Qxe6 bxa5 51. gxf5 gxf5) 49. c5 $1 $16 Rc7 ({Not} 49... Kxg4 $2 50. Qg3+ Kh5 51. c6 $18) 50. gxf5 exf5 51. Qd8+ ({White should play} 51. Kxd2 $16 Rhe7 52. Qb6) 51... Kh5 $14 {aiming for ...Rcd7.} 52. h4 {[%csl Gh4][%cal Rd8g5]} Rhe7 {...Rcd7 is the strong threat.The position is equal.} 53. c6 Kxh4 54. Kxd2 g5 55. Qd5 f4 56. Kd3 g4 57. Qd6 {[%cal Rd6h6]} Kg5 58. Kc4 Rf7 59. Qe5+ Kg6 60. Qe6+ Kg5 61. Qe5+ Kg6 62. Qe8 g3 63. Qg8+ Rg7 64. Qe6+ Kg5 {White must now prevent ...g2.} 65. f3 g2 66. Qg4+ Kf6 67. Qxf4+ Ke6 68. Qe4+ Kf6 69. Qf4+ (69. Qh4+ {is interesting.} Ke6 70. Qe4+) 69... Kg6 70. Qg4+ Kf7 71. Qh5+ Rg6 72. Qf5+ Kg7 73. Qe5+ {[%mdl 64] Double Attack} Kg8 74. Qd5+ Kg7 (74... Kh7 $5 75. Qh5+ $8 Kg7 76. Qe5+ {[%mdl 64] Double Attack} Kg8 77. Qd5+ Kh7 78. Qh5+ Kg7 79. Qe5+ $11 {[%mdl 64] Double Attack}) 75. Qe5+ Kg8 76. Qd5+ Rf7 {Weighted Error Value: White=0.14/Black=0.10} (76... Kh7 $5 77. Qh5+ $8 Kg7 78. Qe5+ $11 {[%mdl 64] Double Attack}) 1/2-1/2

[Event "Sheikh Russel GM 2021"]
[Site "Dhaka"]
[Date "2021.10.20"]
[Round "2.14"]
[White "Shahil Dey"]
[Black "Savchenko, Stanislav"]
[Result "1/2-1/2"]
[WhiteElo "2398"]
[BlackElo "2473"]
[Annotator "TA"]
[PlyCount "51"]
[EventDate "2021.10.19"]
[EventType "swiss"]
[EventCountry "BAN"]
[SourceTitle "playchess.com"]
[Source "ChessBase"]
[SourceQuality "1"]

{[%evp 20,38,0,0,0,0,0,0,0,-3,20,11,18,18,24,25,37,24,27,30,38]} 1. e4 c5 2. Nc3 Nc6 3. g3 g6 4. Bg2 Bg7 5. d3 d6 6. Nge2 e6 7. O-O Nge7 8. Bg5 O-O 9. Qd2 Nd4 10. Nxd4 cxd4 11. Ne2 e5 {B25: Closed Sicilian: 3 g3, lines without early Be3.} (11... f6 $5 12. Bh6 $8 Bxh6 13. Qxh6 e5 $11) 12. c3 f6 {[#] White must now prevent ...dxc3.} 13. Bh6 dxc3 {The position is equal.} 14. bxc3 Be6 15. Bxg7 Kxg7 16. c4 Qd7 17. Rab1 b6 18. Nc3 Nc6 19. f4 Rac8 {[#]  Weighted Error Value: White=0.00/Black=0.07} {Predecessor:} 20. Rb2 $146 Nd4 21. a4 Qc7 22. h3 Qc5 23. Kh2 Rf7 24. Nb5 Bd7 25. Nc3 Qa5 26. h4 {½-½ (41) Fries Nielsen,J (2430)-Kristiansen,J (2435) Norresundby 2000} 1/2-1/2

[Event "Sheikh Russel GM 2021"]
[Site "Dhaka"]
[Date "2021.10.20"]
[Round "2.15"]
[White "Rios, Cristhian Camilo"]
[Black "Hossain, Enamul"]
[Result "1/2-1/2"]
[WhiteElo "2457"]
[BlackElo "2396"]
[Annotator "TA"]
[PlyCount "89"]
[EventDate "2021.10.19"]
[EventType "swiss"]
[EventCountry "BAN"]
[SourceTitle "playchess.com"]
[Source "ChessBase"]
[SourceQuality "1"]

{[%evp 13,89,7,25,12,20,15,38,-26,-14,-22,-16,-20,-9,-13,0,0,4,11,0,0,6,0,2,0,6,15,39,8,11,7,3,10,4,11,31,12,16,6,6,0,0,0,0,0,0,3,7,8,5,11,70,10,10,10,97,90,111,90,111,0,0,0,0,0,35,0,0,0,0,0,0,0,0,0,0,0,0,0]} 1. d4 d5 2. c4 c6 3. Nf3 Nf6 4. Qc2 g6 5. Bf4 Bg7 6. e3 O-O 7. Nc3 Na6 8. a3 {D93: Grünfeld: 4 Nf3 Bg7 5 Bf4 0-0 6 e3.} c5 9. Rd1 Qa5 {[#]} 10. Qa4 $146 (10. Qb3 $14) ({Predecessor:} 10. dxc5 Ne4 11. Be5 Nxc3 12. Bxc3 Bxc3+ 13. Qxc3 Qxc3+ 14. bxc3 dxc4 15. c6 b5 16. a4 {1-0 (48) Nguyen,D (2508)-Pourramezanali,A (2435) Sharjah 2014}) 10... Qxa4 $11 11. Nxa4 cxd4 12. Nxd4 dxc4 13. Bxc4 Ne4 {[#] ...e5 is the strong threat.} 14. f3 Nec5 15. Nxc5 Nxc5 {[%cal Ba6c5,Bc5a4,Ba4b2][%mdl 32]} 16. Bg5 Na4 17. Bb3 Nxb2 18. Rd2 e5 19. Nb5 {Strongly threatening e4.} e4 $1 20. O-O Be6 21. Bxe6 fxe6 22. Nc7 Rac8 23. Nxe6 Nc4 24. Rd7 Rf7 25. Rxf7 Kxf7 26. Nxg7 Kxg7 27. fxe4 {[%mdl 4096] Endgame KRB-KRN} Nd2 28. Rf4 Rc1+ 29. Kf2 Rf1+ $1 30. Ke2 Rxf4 31. Bxf4 Nxe4 {KB-KN} ({Black should try} 31... Nc4 $1 $11) 32. Kd3 ({White should play} 32. Bb8 $14) 32... Nc5+ 33. Kc4 Ne6 (33... Nd7 $1 $11) 34. Bb8 $16 a6 35. Kb4 Nf8 {[#]} 36. Bg3 ({Better is} 36. Ba7 $1 $16) 36... Nd7 $11 37. Kc4 Kf7 38. Kd5 Ke7 39. Bh4+ Ke8 $1 {The position is equal.} 40. e4 Nb6+ 41. Ke6 Nc4 42. a4 b5 43. axb5 axb5 {aiming for ...b4.} 44. Kd5 Ne3+ 45. Kc5 {Weighted Error Value: White=0.13/Black=0.09} 1/2-1/2

[Event "Sheikh Russel GM 2021"]
[Site "Dhaka"]
[Date "2021.10.20"]
[Round "2.16"]
[White "Zubarev, Alexander"]
[Black "Vignesh N R"]
[Result "1-0"]
[WhiteElo "2395"]
[BlackElo "2453"]
[Annotator "TA"]
[PlyCount "77"]
[EventDate "2021.10.19"]
[EventType "swiss"]
[EventCountry "BAN"]
[SourceTitle "playchess.com"]
[Source "ChessBase"]
[SourceQuality "1"]

{[%evp 13,77,8,12,18,16,10,13,12,12,26,20,22,29,33,28,25,14,22,69,35,29,3,110,110,149,146,149,134,147,149,150,141,153,142,171,137,125,108,169,155,169,162,173,169,177,157,168,172,175,177,219,212,217,216,241,244,250,214,272,266,239,247,927,908,2071,1862]} 1. d4 Nf6 2. c4 e6 3. Nc3 Bb4 4. Nf3 d5 5. Qa4+ Nc6 6. a3 Bxc3+ 7. bxc3 Bd7 8. cxd5 {D38: Queen's Gambit Declined: Ragozin Defence (4 Nf3 Bb4).} exd5 9. Qc2 O-O 10. Bg5 {The position is equal.} h6 11. Bh4 Re8 12. e3 g5 13. Bg3 Ne4 {[#]} 14. Bd3 $146 ({Predecessor:} 14. Nd2 Bf5 15. Nxe4 Bxe4 16. Qb2 Na5 17. h4 f6 18. hxg5 hxg5 19. f3 Bf5 20. Kf2 {1-0 (45) Tran,Q (2270)-Ni,H (2658) Ho Chi Minh City 2014}) 14... Bf5 15. O-O Qf6 16. Rab1 b6 17. Rb5 (17. Be5 $5 Nxe5 18. Nxe5 $14) 17... Rad8 (17... Nxg3 $11 {remains equal.} 18. hxg3 Bxd3 19. Qxd3 Qe6) 18. Bxc7 $16 Rc8 19. Rxd5 Rxc7 {[#]} 20. Rxf5 {[%mdl 512]} Qxf5 21. Nd2 Qe6 {White must now prevent ...Nxd4!} 22. Nxe4 {And now d5! would win.} Ne7 23. c4 {aiming for d5.} f5 24. Nd2 Rf8 25. Re1 Nc8 (25... Qf6 $16) 26. Nf3 Nd6 {[%cal Rd6c4]} 27. Ne5 Kg7 28. f4 Qf6 29. a4 Nf7 30. Rf1 gxf4 31. exf4 Nd6 32. Rf3 Kh8 33. Rh3 Rg7 34. Rh5 Qe6 35. g3 Rf6 36. Qg2 Nf7 37. Qa8+ Kh7 $2 (37... Rg8 38. Qb7 (38. Qxa7 Nxe5 39. dxe5 Rfg6 $16) 38... Nd6 39. Qxa7 Qe8) 38. d5 $18 Qe7 39. Rxf5 {Weighted Error Value: White=0.05/Black=0.21} 1-0

[Event "Sheikh Russel GM 2021"]
[Site "Dhaka"]
[Date "2021.10.20"]
[Round "2.17"]
[White "Rasulov, Vugar"]
[Black "Himanshu, Sharma"]
[Result "1-0"]
[WhiteElo "2452"]
[BlackElo "2394"]
[Annotator "TA"]
[PlyCount "73"]
[EventDate "2021.10.19"]
[EventType "swiss"]
[EventCountry "BAN"]
[SourceTitle "playchess.com"]
[Source "ChessBase"]
[SourceQuality "1"]

{[%evp 17,73,36,55,55,55,47,50,54,60,41,55,47,58,56,82,27,73,77,59,60,91,79,118,126,138,127,135,153,209,226,234,207,252,256,231,208,202,207,198,178,289,297,297,272,280,267,311,200,456,420,566,561,552,535,1576,1638,1503,1468]} 1. e4 e5 2. Nf3 Nf6 3. d4 exd4 4. e5 Ne4 5. Qxd4 d5 6. exd6 Nxd6 7. Nc3 Nc6 8. Qf4 Bf5 9. Bb5 Be7 10. Nd4 {C43: Petroff Defence: 3 d4.} Bd7 11. Nxc6 Bxc6 12. Bxc6+ {White is slightly better.} bxc6 13. Qa4 Qd7 14. O-O {[#]} Nb5 $146 ({Predecessor:} 14... O-O 15. Nd5 Rfe8 16. Bf4 Nb5 17. Nxe7+ Qxe7 18. Rad1 a5 19. c4 Qe4 20. Be3 Re6 {1-0 (54) Nogal,J (2380)-Vecek,M (2331) ICCF email 2012}) 15. Ne2 O-O 16. c4 (16. Be3 $16) 16... Nd4 17. Nxd4 Qxd4 18. Qxc6 Bd6 {Black is now going downhill.} 19. Rb1 Rab8 20. b3 Qf6 21. g3 Qf5 22. Be3 Qa5 (22... Rbe8 $16 23. Bxa7 Re6) 23. a4 $18 Ba3 24. Kg2 Rfd8 25. Rfd1 h6 26. Bf4 Rxd1 27. Rxd1 Qf5 28. Qf3 g5 (28... Qc8 {was worth a try.} 29. a5 Bb4) 29. Bxc7 Qxf3+ 30. Kxf3 Rxb3+ {[%mdl 4096] Endgame KRB-KRB} 31. Ke4 Rb4 32. Kf5 Bb2 $2 {[#]} (32... Rxa4 33. Rd8+ Kg7 34. Be5+ f6) 33. c5 Rxa4 34. Be5 {White is clearly winning.} Bxe5 35. Kxe5 Rc4 36. Kd6 Rc2 37. c6 {Weighted Error Value: White=0.12/Black=0.44} 1-0